Los adolescentes y el reto de la madurez (Record no. 139821)

MARC details
000 -LEADER
campo de control de longitud fija 00575nam a2200169 4500
001 - NÚMERO DE CONTROL
campo de control 139821
003 - IDENTIFICADOR DE NÚMERO DE CONTROL
campo de control ES-MaACL
005 - FECHA Y HORA DE LA ÚLTIMA TRANSACCIÓN
campo de control 20230906195921.0
007 - CAMPO FIJO DE DESCRIPCIÓN FÍSICA--INFORMACIÓN GENERAL
campo de control de longitud fija t|
008 - DATOS DE LONGITUD FIJA--INFORMACIÓN GENERAL
campo de control de longitud fija 070214s1969 sp r ||||1| spa d
100 1# - ENTRADA PRINCIPAL--NOMBRE DE PERSONA
Nombre de persona Schneiders, Alexander A.
9 (RLIN) 104582
245 14 - MENCIÓN DEL TÍTULO
Título Los adolescentes y el reto de la madurez
Resto del título : manual para los padres y educadores /
Mención de responsabilidad, etc. Alexander A. Schneider ; traducción de Ramón de la Vega.
260 ## - PUBLICACIÓN, DISTRIBUCIÓN, ETC.
Lugar de publicación, distribución, etc. Santander :
Nombre del editor, distribuidor, etc. Sal Terrae,
Fecha de publicación, distribución, etc. 1969.
300 ## - DESCRIPCIÓN FÍSICA
Extensión 267 p. ;
Dimensiones 22 cm.
700 1# - ENTRADA AGREGADA--NOMBRE PERSONAL
Nombre de persona Vega, Ramón de la.
9 (RLIN) 113582
852 ## - LOCALIZACIÓN
Ubicación ES-MaACL
Número de control de estantería C-48468
Sublocalización o colección R.72841
Holdings
Estatus retirado Estado de pérdida Estado de daño No para préstamo Biblioteca de origen Biblioteca actual Ubicación en estantería Fecha de adquisición Fuente de adquisición Total de préstamos Signatura topográfica completa Código de barras Visto por última vez Precio de reemplazo Tipo de ítem Koha
        Biblioteca del Ateneo de Madrid Biblioteca del Ateneo de Madrid Depósito 2 17/01/2008     C-48468 1145502 23/02/2023 23/02/2023 Libro impreso